[Event "Stay Safe Play From Home 314"]
[Site "Emanuel Lasker Arena"]
[Date "2020.07.19"]
[Round "1"]
[White "NTBT_DHS"]
[Black "SoulofWolf"]
[Result "1-0"]
[WhiteElo "2524"]
[BlackElo "2173"]
[PlyCount "57"]
[EventDate "2020.07.19"]
[EventType "swiss (blitz)"]

1. e4 {[%emt 0:00:01]} e6 {[%emt 0:00:00]} 2. d4 {[%emt 0:00:01]} d5 {[%emt 0:00:00]} 3. Nc3 {[%emt 0:00:00]} Bb4 {[%emt 0:00:02]} 4. exd5 {[%emt 0:00:01]} exd5 {[%emt 0:00:01]} 5. Bd3 {[%emt 0:00:00]} Ne7 {[%emt 0:00:00]} 6. Nge2 {[%emt 0:00:00]} Bf5 {[%emt 0:00:01]} 7. O-O {[%emt 0:00:00]} Bxd3 {[%emt 0:00:01]} 8. Qxd3 {[%emt 0:00:00]} O-O {[%emt 0:00:01]} 9. Nf4 {[%emt 0:00:01]} c6 {[%emt 0:00:01]} 10. Bd2 {[%emt 0:00:01]} Ng6 {[%emt 0:00:01]} 11. Nh5 {[%emt 0:00:02]} Nd7 {[%emt 0:00:01]} 12. Rae1 {[%emt 0:00:01]} Qh4 {[%emt 0:00:01]} 13. Ng3 {[%emt 0:00:02]} Nf4 {[%emt 0:00:04]} 14. Qf3 {[%emt 0:00:01]} Ne6 {[%emt 0:00:02]} 15. Nf5 {[%emt 0:00:01]} Qf6 {[%emt 0:00:03]} 16. Nxd5 {[%emt 0:00:01]} cxd5 {[%emt 0:00:02]} 17. Bxb4 {[%emt 0:00:01]} Rfe8 {[%emt 0:00:06]} 18. Qxd5 {[%emt 0:00:02]} Nb6 {[%emt 0:00:03]} 19. Qe5 {[%emt 0:00:01]} Qg6 {[%emt 0:00:01]} 20. Ne7+ {[%emt 0:00:02]} Rxe7 {[%emt 0:00:01]} 21. Bxe7 {[%emt 0:00:00]} Re8 {[%emt 0:00:03]} 22. d5 {[%emt 0:00:00]} Nd8 {[%emt 0:00:05]} 23. d6 {[%emt 0:00:03]} Nd7 {[%emt 0:00:01]} 24. Qb5 {[%emt 0:00:01]} Nf6 {[%emt 0:00:02]} 25. Bxf6 {[%emt 0:00:02]} Rxe1 {[%emt 0:00:01]} 26. Rxe1 {[%emt 0:00:00]} gxf6 {[%emt 0:00:01]} 27. Qe8+ {[%emt 0:00:02]} Kg7 {[%emt 0:00:12]} 28. Qxd8 {[%emt 0:00:00]} Kh6 {[%emt 0:00:03]} 29. Qf8+ {[%emt 0:00:01] Czas partii (Lag: Av=0.79s, max=3.2s)} 1-0

[Event "Stay Safe Play From Home 314"]
[Site "Emanuel Lasker Arena"]
[Date "2020.07.19"]
[Round "1"]
[White "Rogan"]
[Black "TheCHESSHOUSE"]
[Result "1-0"]
[WhiteElo "2221"]
[BlackElo "2054"]
[PlyCount "89"]
[EventDate "2020.07.19"]
[EventType "swiss (blitz)"]

1. d4 {[%emt 0:00:00]} Nf6 {[%emt 0:00:03]} 2. c3 {[%emt 0:00:00]} g6 {[%emt 0:00:00]} 3. Nf3 {[%emt 0:00:05]} Bg7 {[%emt 0:00:00]} 4. Bg5 {[%emt 0:00:05]} d6 {[%emt 0:00:00]} 5. e3 {[%emt 0:00:01]} O-O {[%emt 0:00:01]} 6. Bd3 {[%emt 0:00:00]} Nbd7 {[%emt 0:00:01]} 7. Nbd2 {[%emt 0:00:00]} h6 {[%emt 0:00:00]} 8. Bh4 {[%emt 0:00:01]} c6 {[%emt 0:00:03]} 9. Qc2 {[%emt 0:00:02]} Qc7 {[%emt 0:00:01]} 10. O-O {[%emt 0:00:01]} Kh7 {[%emt 0:00:01]} 11. Rfe1 {[%emt 0:00:01]} e5 {[%emt 0:00:01]} 12. dxe5 {[%emt 0:00:01]} Nxe5 {[%emt 0:00:00]} 13. Bg3 {[%emt 0:00:00]} Re8 {[%emt 0:00:03]} 14. Nxe5 {[%emt 0:00:01]} dxe5 {[%emt 0:00:00]} 15. Nf3 {[%emt 0:00:00]} Ng8 {[%emt 0:00:07]} 16. h4 {[%emt 0:00:02]} Bg4 {[%emt 0:00:01]} 17. Be4 {[%emt 0:00:02]} f5 {[%emt 0:00:02]} 18. Nh2 {[%emt 0:00:01]} fxe4 {[%emt 0:00:06]} 19. Nxg4 {[%emt 0:00:01]} h5 {[%emt 0:00:02]} 20. Nh2 {[%emt 0:00:02]} Nf6 {[%emt 0:00:00]} 21. Rad1 {[%emt 0:00:02]} Rad8 {[%emt 0:00:01]} 22. Rxd8 {[%emt 0:00:01]} Rxd8 {[%emt 0:00:01]} 23. Rd1 {[%emt 0:00:00]} Qb6 {[%emt 0:00:03]} 24. Bxe5 {[%emt 0:00:03]} Rxd1+ {[%emt 0:00:04]} 25. Qxd1 {[%emt 0:00:00]} Qxb2 {[%emt 0:00:01]} 26. Bxf6 {[%emt 0:00:01]} Bxf6 {[%emt 0:00:01]} 27. Qd7+ {[%emt 0:00:01]} Bg7 {[%emt 0:00:00]} 28. Nf1 {[%emt 0:00:03]} Qxc3 {[%emt 0:00:02]} 29. Qxb7 {[%emt 0:00:01]} Qc4 {[%emt 0:00:02]} 30. Qxa7 {[%emt 0:00:02]} Kh6 {[%emt 0:00:02]} 31. a4 {[%emt 0:00:02]} Qa2 {[%emt 0:00:02]} 32. a5 {[%emt 0:00:01]} Bf6 {[%emt 0:00:03]} 33. Qc7 {[%emt 0:00:01]} Qa4 {[%emt 0:00:03]} 34. Qf4+ {[%emt 0:00:04]} Kg7 {[%emt 0:00:00]} 35. Ng3 {[%emt 0:00:01]} Qxa5 {[%emt 0:00:01]} 36. Nxe4 {[%emt 0:00:02]} Qe5 {[%emt 0:00:00]} 37. Nxf6 {[%emt 0:00:02]} Qxf6 {[%emt 0:00:00]} 38. Qxf6+ {[%emt 0:00:01]} Kxf6 {[%emt 0:00:01]} 39. Kf1 {[%emt 0:00:00]} Ke5 {[%emt 0:00:00]} 40. Ke2 {[%emt 0:00:01]} c5 {[%emt 0:00:00]} 41. Kd3 {[%emt 0:00:00]} c4+ {[%emt 0:00:00]} 42. Kxc4 {[%emt 0:00:01]} Ke4 {[%emt 0:00:00]} 43. Kc3 {[%emt 0:00:00]} Kf5 {[%emt 0:00:01]} 44. Kd2 {[%emt 0:00:00]} Kg4 {[%emt 0:00:00]} 45. Ke2 {[%emt 0:00:00] Time (Lag: Av=0.97s, max=3.6s)} 1-0

[Event "Stay Safe Play From Home 314"]
[Site "Emanuel Lasker Arena"]
[Date "2020.07.19"]
[Round "1"]
[White "Schachwerk_64"]
[Black "AChessPlayer"]
[Result "0-1"]
[WhiteElo "1921"]
[BlackElo "2365"]
[Annotator "NA"]
[PlyCount "60"]
[EventDate "2020.07.19"]
[EventType "swiss (blitz)"]

1. e4 {[%emt 0:00:01]} c5 {[%emt 0:00:01]} 2. d3 {[%emt 0:00:00]} d6 {[%emt 0:00:01]} 3. Nd2 {[%emt 0:00:00]} Nc6 {[%emt 0:00:00]} 4. f4 {[%emt 0:00:00]} g6 {[%emt 0:00:00]} 5. Ngf3 {[%emt 0:00:01]} Bg7 {[%emt 0:00:00]} 6. h3 {[%emt 0:00:01]} e6 {[%emt 0:00:00]} 7. g4 {[%emt 0:00:01]} Nge7 {[%emt 0:00:00]} 8. Qe2 {[%emt 0:00:02]} h5 {[%emt 0:00:01]} 9. g5 {[%emt 0:00:02]} b5 {[%emt 0:00:01]} 10. Bg2 {[%emt 0:00:01]} a5 {[%emt 0:00:01]} 11. O-O {[%emt 0:00:02]} b4 {[%emt 0:00:00]} 12. f5 {[%emt 0:00:02]} exf5 {[%emt 0:00:02]} 13. exf5 {[%emt 0:00:01]} Bxf5 {[%emt 0:00:00]} 14. Nh4 {[%emt 0:00:01]} O-O {[%emt 0:00:02]} 15. Nxf5 {[%emt 0:00:02]} gxf5 {[%emt 0:00:00]} 16. Qxh5 {[%emt 0:00:01]} Ra6 {[%emt 0:00:04]} 17. Nf3 {[%emt 0:00:03]} Nd4 {[%emt 0:00:01]} 18. Nxd4 {[%emt 0:00:04]} Bxd4+ {[%emt 0:00:00]} 19. Kh1 {[%emt 0:00:01]} d5 {[%emt 0:00:03]} 20. Bf4 {[%emt 0:00:10]} Kg7 {[%emt 0:00:01]} 21. Rae1 {[%emt 0:00:02]} Rh8 {[%emt 0:00:01]} 22. Qf3 {[%emt 0:00:01]} Bxb2 {[%emt 0:00:03]} 23. Be5+ {[%emt 0:00:01]} Bxe5 {[%emt 0:00:01]} 24. Rxe5 {[%emt 0:00:01]} Re6 {[%emt 0:00:00]} 25. Rfe1 {[%emt 0:00:02]} Qd7 {[%emt 0:00:02]} 26. Qf4 {[%emt 0:00:02]} Ng6 {[%emt 0:00:02]} 27. Qe3 {[%emt 0:00:01]} Nxe5 {[%emt 0:00:01]} 28. Qf4 {[%emt 0:00:02]} Ng6 {[%emt 0:00:01]} 29. Re2 {[%emt 0:00:03]} Nxf4 {[%emt 0:00:01]} 30. Rxe6 {[%emt 0:00:02]} Qxe6 {[%emt 0:00:00] Schachwerk_64 gibt auf (Lag: Av=0.65s, max=1.4s)} 0-1

[Event "Stay Safe Play From Home 314"]
[Site "Emanuel Lasker Arena"]
[Date "2020.07.19"]
[Round "1"]
[White "Buzaglo"]
[Black "Trotsky"]
[Result "1-0"]
[WhiteElo "1863"]
[BlackElo "1583"]
[Annotator "NA"]
[PlyCount "51"]
[EventDate "2020.07.19"]
[EventType "swiss (blitz)"]

1. d4 {[%emt 0:00:02]} d5 {[%emt 0:00:01]} 2. Nf3 {[%emt 0:00:00]} e6 {[%emt 0:00:00]} 3. g3 {[%emt 0:00:00]} c5 {[%emt 0:00:01]} 4. Bg2 {[%emt 0:00:00]} Nc6 {[%emt 0:00:02]} 5. O-O {[%emt 0:00:01]} Qc7 {[%emt 0:00:01]} 6. dxc5 {[%emt 0:00:01]} Bxc5 {[%emt 0:00:01]} 7. c4 {[%emt 0:00:00]} Bd7 {[%emt 0:00:05]} 8. cxd5 {[%emt 0:00:02]} exd5 {[%emt 0:00:01]} 9. Qxd5 {[%emt 0:00:01]} Bd6 {[%emt 0:00:01]} 10. Nc3 {[%emt 0:00:02]} a6 {[%emt 0:00:02]} 11. Qg5 {[%emt 0:00:02]} f6 {[%emt 0:00:02]} 12. Qxg7 {[%emt 0:00:02]} O-O-O {[%emt 0:00:04]} 13. Nd5 {[%emt 0:00:03]} Qb8 {[%emt 0:00:05]} 14. Qxh8 {[%emt 0:00:01]} Nh6 {[%emt 0:00:03]} 15. Qxh7 {[%emt 0:00:01]} Ng4 {[%emt 0:00:02]} 16. Bf4 {[%emt 0:00:03]} b6 {[%emt 0:00:04]} 17. Bxd6 {[%emt 0:00:03]} Qxd6 {[%emt 0:00:01]} 18. Nxb6+ {[%emt 0:00:00]} Kb7 {[%emt 0:00:01]} 19. Nxd7 {[%emt 0:00:01]} Rxd7 {[%emt 0:00:01]} 20. Qf5 {[%emt 0:00:01]} Nce5 {[%emt 0:00:03]} 21. Rad1 {[%emt 0:00:03]} Qc6 {[%emt 0:00:04]} 22. Rxd7+ {[%emt 0:00:02]} Nxd7 {[%emt 0:00:02]} 23. Nh4 {[%emt 0:00:05]} Qxg2+ {[%emt 0:00:07]} 24. Nxg2 {[%emt 0:00:01]} Nge5 {[%emt 0:00:02]} 25. f4 {[%emt 0:00:01]} Nf7 {[%emt 0:00:02]} 26. Qxd7+ {[%emt 0:00:01] Trotsky Ñäàåòñÿ (Lag: Av=0.43s, max=1.0s)} 1-0

[Event "Stay Safe Play From Home 314"]
[Site "Emanuel Lasker Arena"]
[Date "2020.07.19"]
[Round "1"]
[White "Justwatch"]
[Black "Ionelluca"]
[Result "1-0"]
[WhiteElo "1659"]
[BlackElo "1983"]
[PlyCount "59"]
[EventDate "2020.07.19"]
[EventType "swiss (blitz)"]

1. e4 {[%emt 0:00:01]} d6 {[%emt 0:00:01]} 2. Nf3 {[%emt 0:00:01]} Nf6 {[%emt 0:00:00]} 3. Nc3 {[%emt 0:00:01]} c6 {[%emt 0:00:01]} 4. d3 {[%emt 0:00:00]} Nbd7 {[%emt 0:00:01]} 5. Bg5 {[%emt 0:00:00]} e5 {[%emt 0:00:01]} 6. Bxf6 {[%emt 0:00:01]} Qxf6 {[%emt 0:00:02]} 7. Be2 {[%emt 0:00:00]} Nb6 {[%emt 0:00:02]} 8. h3 {[%emt 0:00:00]} Bd7 {[%emt 0:00:02]} 9. O-O {[%emt 0:00:00]} Rd8 {[%emt 0:00:01]} 10. Nh2 {[%emt 0:00:00]} h6 {[%emt 0:00:03]} 11. Bg4 {[%emt 0:00:00]} Be6 {[%emt 0:00:03]} 12. Bxe6 {[%emt 0:00:01]} fxe6 {[%emt 0:00:01]} 13. Ng4 {[%emt 0:00:00]} Qe7 {[%emt 0:00:01]} 14. f4 {[%emt 0:00:01]} g6 {[%emt 0:00:02]} 15. fxe5 {[%emt 0:00:01]} dxe5 {[%emt 0:00:01]} 16. Nf6+ {[%emt 0:00:00]} Kf7 {[%emt 0:00:02]} 17. Nfd5+ {[%emt 0:00:02]} Kg7 {[%emt 0:00:01]} 18. Nxe7 {[%emt 0:00:01]} Bxe7 {[%emt 0:00:01]} 19. Qg4 {[%emt 0:00:01]} Rhf8 {[%emt 0:00:09]} 20. Qxe6 {[%emt 0:00:01]} Bc5+ {[%emt 0:00:01]} 21. Kh1 {[%emt 0:00:01]} Rde8 {[%emt 0:00:02]} 22. Qg4 {[%emt 0:00:03]} Be3 {[%emt 0:00:08]} 23. Rxf8 {[%emt 0:00:02]} Rxf8 {[%emt 0:00:01]} 24. Ne2 {[%emt 0:00:01]} Na4 {[%emt 0:00:02]} 25. Ng3 {[%emt 0:00:01]} Kh7 {[%emt 0:00:05]} 26. Qd7+ {[%emt 0:00:02]} Kg8 {[%emt 0:00:01]} 27. Qe6+ {[%emt 0:00:02]} Kg7 {[%emt 0:00:01]} 28. Qxe5+ {[%emt 0:00:00]} Kg8 {[%emt 0:00:02]} 29. Qd6 {[%emt 0:00:03]} Kg7 {[%emt 0:00:03]} 30. Qb4 {[%emt 0:00:03] Time (Lag: Av=0.54s, max=1.4s)} 1-0

[Event "Stay Safe Play From Home 314"]
[Site "Emanuel Lasker Arena"]
[Date "2020.07.19"]
[Round "2"]
[White "AChessPlayer"]
[Black "Buzaglo"]
[Result "1-0"]
[WhiteElo "2368"]
[BlackElo "1869"]
[PlyCount "95"]
[EventDate "2020.07.19"]
[EventType "swiss (blitz)"]

1. d4 {[%emt 0:00:02]} e6 {[%emt 0:00:00]} 2. Nf3 {[%emt 0:00:00]} d5 {[%emt 0:00:00]} 3. g3 {[%emt 0:00:00]} Nf6 {[%emt 0:00:00]} 4. Bg2 {[%emt 0:00:00]} c5 {[%emt 0:00:00]} 5. O-O {[%emt 0:00:00]} cxd4 {[%emt 0:00:00]} 6. Nxd4 {[%emt 0:00:00]} Nc6 {[%emt 0:00:00]} 7. Nxc6 {[%emt 0:00:01]} bxc6 {[%emt 0:00:00]} 8. c4 {[%emt 0:00:00]} Bd6 {[%emt 0:00:01]} 9. Qa4 {[%emt 0:00:02]} Bd7 {[%emt 0:00:02]} 10. Rd1 {[%emt 0:00:00]} O-O {[%emt 0:00:01]} 11. Nc3 {[%emt 0:00:01]} c5 {[%emt 0:00:02]} 12. Qc2 {[%emt 0:00:01]} d4 {[%emt 0:00:01]} 13. Bxa8 {[%emt 0:00:01]} Qxa8 {[%emt 0:00:00]} 14. Nb5 {[%emt 0:00:00]} Be7 {[%emt 0:00:02]} 15. Bg5 {[%emt 0:00:01]} Bc6 {[%emt 0:00:01]} 16. a4 {[%emt 0:00:05]} h6 {[%emt 0:00:01]} 17. Bxf6 {[%emt 0:00:01]} Bxf6 {[%emt 0:00:01]} 18. f3 {[%emt 0:00:00]} a6 {[%emt 0:00:02]} 19. Nd6 {[%emt 0:00:03]} Qd8 {[%emt 0:00:03]} 20. Ne4 {[%emt 0:00:01]} Be7 {[%emt 0:00:01]} 21. Nf2 {[%emt 0:00:01]} Bd6 {[%emt 0:00:02]} 22. b3 {[%emt 0:00:00]} Qg5 {[%emt 0:00:01]} 23. Kg2 {[%emt 0:00:00]} h5 {[%emt 0:00:02]} 24. Ne4 {[%emt 0:00:02]} Bxe4 {[%emt 0:00:04]} 25. Qxe4 {[%emt 0:00:00]} a5 {[%emt 0:00:03]} 26. f4 {[%emt 0:00:01]} Qf6 {[%emt 0:00:02]} 27. Rd3 {[%emt 0:00:00]} e5 {[%emt 0:00:01]} 28. f5 {[%emt 0:00:02]} Qg5 {[%emt 0:00:02]} 29. Rf1 {[%emt 0:00:00]} f6 {[%emt 0:00:02]} 30. h4 {[%emt 0:00:01]} Qh6 {[%emt 0:00:01]} 31. Kh3 {[%emt 0:00:00]} Rb8 {[%emt 0:00:02]} 32. Qd5+ {[%emt 0:00:00]} Kh7 {[%emt 0:00:02]} 33. Qxd6 {[%emt 0:00:01]} Rb4 {[%emt 0:00:02]} 34. Qxc5 {[%emt 0:00:01]} g6 {[%emt 0:00:03]} 35. Qe7+ {[%emt 0:00:02]} Qg7 {[%emt 0:00:00]} 36. fxg6+ {[%emt 0:00:00]} Kxg6 {[%emt 0:00:01]} 37. Qe6 {[%emt 0:00:00]} Kh7 {[%emt 0:00:05]} 38. Qf5+ {[%emt 0:00:01]} Qg6 {[%emt 0:00:01]} 39. Qd7+ {[%emt 0:00:01]} Kh6 {[%emt 0:00:01]} 40. Rdf3 {[%emt 0:00:01]} Qg4+ {[%emt 0:00:02]} 41. Qxg4 {[%emt 0:00:03]} hxg4+ {[%emt 0:00:00]} 42. Kxg4 {[%emt 0:00:00]} Kg6 {[%emt 0:00:01]} 43. Rxf6+ {[%emt 0:00:00]} Kg7 {[%emt 0:00:00]} 44. Rf7+ {[%emt 0:00:00]} Kg8 {[%emt 0:00:00]} 45. Rf8+ {[%emt 0:00:00]} Kg7 {[%emt 0:00:00]} 46. R1f7+ {[%emt 0:00:00]} Kg6 {[%emt 0:00:00]} 47. h5+ {[%emt 0:00:00]} Kh6 {[%emt 0:00:01]} 48. Rh8# {[%emt 0:00:00] (Lag: Av=0.62s, max=1.6s)} 1-0

[Event "Stay Safe Play From Home 314"]
[Site "Emanuel Lasker Arena"]
[Date "2020.07.19"]
[Round "2"]
[White "TheCHESSHOUSE"]
[Black "SoulofWolf"]
[Result "1-0"]
[WhiteElo "2045"]
[BlackElo "2169"]
[PlyCount "71"]
[EventDate "2020.07.19"]
[EventType "swiss (blitz)"]

1. d4 {[%emt 0:00:04]} c5 {[%emt 0:00:00]} 2. d5 {[%emt 0:00:01]} e6 {[%emt 0:00:00]} 3. Nc3 {[%emt 0:00:00]} Nf6 {[%emt 0:00:00]} 4. dxe6 {[%emt 0:00:01]} a6 {[%emt 0:00:00]} 5. exf7+ {[%emt 0:00:01]} Kxf7 {[%emt 0:00:00]} 6. Nf3 {[%emt 0:00:01]} d5 {[%emt 0:00:01]} 7. e3 {[%emt 0:00:01]} h6 {[%emt 0:00:01]} 8. Bd3 {[%emt 0:00:01]} Be6 {[%emt 0:00:00]} 9. Ne5+ {[%emt 0:00:01]} Kg8 {[%emt 0:00:06]} 10. Ng6 {[%emt 0:00:03]} c4 {[%emt 0:00:00]} 11. Be2 {[%emt 0:00:04]} Rh7 {[%emt 0:00:01]} 12. Bf3 {[%emt 0:00:03]} Nc6 {[%emt 0:00:02]} 13. O-O {[%emt 0:00:05]} h5 {[%emt 0:00:01]} 14. Nf4 {[%emt 0:00:01]} Bf7 {[%emt 0:00:01]} 15. Ncxd5 {[%emt 0:00:02]} Nxd5 {[%emt 0:00:03]} 16. Bxd5 {[%emt 0:00:01]} Qf6 {[%emt 0:00:02]} 17. Bxf7+ {[%emt 0:00:01]} Qxf7 {[%emt 0:00:00]} 18. Qe2 {[%emt 0:00:03]} b5 {[%emt 0:00:02]} 19. c3 {[%emt 0:00:01]} Ne5 {[%emt 0:00:00]} 20. e4 {[%emt 0:00:02]} g5 {[%emt 0:00:01]} 21. Nd5 {[%emt 0:00:01]} Rg7 {[%emt 0:00:01]} 22. f4 {[%emt 0:00:01]} g4 {[%emt 0:00:01]} 23. fxe5 {[%emt 0:00:01]} Qe6 {[%emt 0:00:00]} 24. Bf4 {[%emt 0:00:02]} Bc5+ {[%emt 0:00:02]} 25. Kh1 {[%emt 0:00:01]} Rf8 {[%emt 0:00:01]} 26. Nf6+ {[%emt 0:00:01]} Kh8 {[%emt 0:00:01]} 27. Rad1 {[%emt 0:00:03]} Rg6 {[%emt 0:00:02]} 28. Nxh5 {[%emt 0:00:01]} g3 {[%emt 0:00:03]} 29. Nxg3 {[%emt 0:00:02]} Be7 {[%emt 0:00:01]} 30. Qh5+ {[%emt 0:00:02]} Kg8 {[%emt 0:00:01]} 31. Nf5 {[%emt 0:00:00]} Bd8 {[%emt 0:00:03]} 32. Rd6 {[%emt 0:00:02]} Rxf5 {[%emt 0:00:04]} 33. exf5 {[%emt 0:00:01]} Rh6 {[%emt 0:00:01]} 34. Bxh6 {[%emt 0:00:03]} Qf7 {[%emt 0:00:01]} 35. Rg6+ {[%emt 0:00:01]} Kh7 {[%emt 0:00:02]} 36. Bg5# {[%emt 0:00:01] (Lag: Av=0.95s, max=5.5s)} 1-0

[Event "Stay Safe Play From Home 314"]
[Site "Emanuel Lasker Arena"]
[Date "2020.07.19"]
[Round "2"]
[White "Justwatch"]
[Black "Schachwerk_64"]
[Result "0-1"]
[WhiteElo "1688"]
[BlackElo "1919"]
[Annotator "NA"]
[PlyCount "46"]
[EventDate "2020.07.19"]
[EventType "swiss (blitz)"]

1. e4 {[%emt 0:00:01]} Nc6 {[%emt 0:00:00]} 2. Nf3 {[%emt 0:00:01]} e5 {[%emt 0:00:00]} 3. Nc3 {[%emt 0:00:00]} Nf6 {[%emt 0:00:01]} 4. Bb5 {[%emt 0:00:00]} a6 {[%emt 0:00:02]} 5. Bxc6 {[%emt 0:00:00]} bxc6 {[%emt 0:00:01]} 6. d3 {[%emt 0:00:00]} Bc5 {[%emt 0:00:02]} 7. Bg5 {[%emt 0:00:00]} O-O {[%emt 0:00:01]} 8. O-O {[%emt 0:00:02]} Re8 {[%emt 0:00:01]} 9. Qd2 {[%emt 0:00:01]} h6 {[%emt 0:00:02]} 10. Bxh6 {[%emt 0:00:01]} gxh6 {[%emt 0:00:00]} 11. Qxh6 {[%emt 0:00:01]} Bf8 {[%emt 0:00:00]} 12. Qg5+ {[%emt 0:00:01]} Bg7 {[%emt 0:00:01]} 13. Nh4 {[%emt 0:00:01]} d5 {[%emt 0:00:02]} 14. f4 {[%emt 0:00:01]} Nh7 {[%emt 0:00:06]} 15. Qg3 {[%emt 0:00:02]} Kh8 {[%emt 0:00:03]} 16. f5 {[%emt 0:00:01]} Rg8 {[%emt 0:00:01]} 17. Qf3 {[%emt 0:00:02]} Qxh4 {[%emt 0:00:02]} 18. exd5 {[%emt 0:00:03]} Bf6 {[%emt 0:00:08]} 19. dxc6 {[%emt 0:00:02]} Ng5 {[%emt 0:00:02]} 20. Qe3 {[%emt 0:00:05]} Nh3+ {[%emt 0:00:01]} 21. Kh1 {[%emt 0:00:02]} Nf4 {[%emt 0:00:01]} 22. Ne4 {[%emt 0:00:02]} Rxg2 {[%emt 0:00:03]} 23. Rxf4 {[%emt 0:00:02]} Qxh2# {[%emt 0:00:02] (Lag: Av=0.43s, max=0.7s)} 0-1

[Event "Stay Safe Play From Home 314"]
[Site "Emanuel Lasker Arena"]
[Date "2020.07.19"]
[Round "2"]
[White "Trotsky"]
[Black "Ionelluca"]
[Result "1-0"]
[WhiteElo "1577"]
[BlackElo "1953"]
[PlyCount "51"]
[EventDate "2020.07.19"]
[EventType "swiss (blitz)"]

1. d4 {[%emt 0:00:01]} d6 {[%emt 0:00:00]} 2. e3 {[%emt 0:00:00]} Nf6 {[%emt 0:00:00]} 3. c4 {[%emt 0:00:01]} g6 {[%emt 0:00:01]} 4. Nc3 {[%emt 0:00:01]} Bg7 {[%emt 0:00:01]} 5. Bd3 {[%emt 0:00:01]} O-O {[%emt 0:00:01]} 6. Qc2 {[%emt 0:00:01]} Re8 {[%emt 0:00:01]} 7. Bd2 {[%emt 0:00:01]} e5 {[%emt 0:00:01]} 8. O-O-O {[%emt 0:00:01]} exd4 {[%emt 0:00:00]} 9. exd4 {[%emt 0:00:01]} Nc6 {[%emt 0:00:01]} 10. Nf3 {[%emt 0:00:02] Ionelluca reconnected. '} Nb4 {[%emt 0:00:39]} 11. Qb1 {[%emt 0:00:03]} Nxd3+ {[%emt 0:00:01]} 12. Qxd3 {[%emt 0:00:01]} Bf5 {[%emt 0:00:00]} 13. Ne4 {[%emt 0:00:07]} Nxe4 {[%emt 0:00:01]} 14. Qb3 {[%emt 0:00:02]} Nxf2 {[%emt 0:00:01]} 15. Ng5 {[%emt 0:00:04]} Nxh1 {[%emt 0:00:03]} 16. Rxh1 {[%emt 0:00:02]} Bh6 {[%emt 0:00:01]} 17. h4 {[%emt 0:00:03]} f6 {[%emt 0:00:02]} 18. c5+ {[%emt 0:00:03]} d5 {[%emt 0:00:01]} 19. Qxb7 {[%emt 0:00:02]} fxg5 {[%emt 0:00:02]} 20. hxg5 {[%emt 0:00:01]} Bg7 {[%emt 0:00:01]} 21. Qc6 {[%emt 0:00:02]} Qe7 {[%emt 0:00:01]} 22. Qa4 {[%emt 0:00:03]} Kh8 {[%emt 0:00:00]} 23. Qb3 {[%emt 0:00:01]} Rab8 {[%emt 0:00:01]} 24. Qg3 {[%emt 0:00:02]} c6 {[%emt 0:00:01]} 25. Rh4 {[%emt 0:00:02]} Bxd4 {[%emt 0:00:00]} 26. Bc3 {[%emt 0:00:02] Time (Lag: Av=1.40s, max=24.3s)} 1-0

[Event "Stay Safe Play From Home 314"]
[Site "Emanuel Lasker Arena"]
[Date "2020.07.19"]
[Round "3"]
[White "NTBT_DHS"]
[Black "AChessPlayer"]
[Result "0-1"]
[WhiteElo "2533"]
[BlackElo "2370"]
[PlyCount "62"]
[EventDate "2020.07.19"]
[EventType "swiss (blitz)"]

1. d4 {[%emt 0:00:01]} Nf6 {[%emt 0:00:01]} 2. c4 {[%emt 0:00:00]} e6 {[%emt 0:00:00]} 3. Nf3 {[%emt 0:00:00]} c5 {[%emt 0:00:00]} 4. g3 {[%emt 0:00:00]} cxd4 {[%emt 0:00:01]} 5. Nxd4 {[%emt 0:00:00]} d5 {[%emt 0:00:00]} 6. Bg2 {[%emt 0:00:00]} e5 {[%emt 0:00:00]} 7. Nc2 {[%emt 0:00:01]} d4 {[%emt 0:00:00]} 8. O-O {[%emt 0:00:00]} Nc6 {[%emt 0:00:00]} 9. e3 {[%emt 0:00:00]} d3 {[%emt 0:00:01]} 10. Ne1 {[%emt 0:00:01]} e4 {[%emt 0:00:00]} 11. Nc3 {[%emt 0:00:00]} Bf5 {[%emt 0:00:03]} 12. f3 {[%emt 0:00:00]} Bb4 {[%emt 0:00:01]} 13. Bd2 {[%emt 0:00:01]} Bxc3 {[%emt 0:00:01]} 14. Bxc3 {[%emt 0:00:00]} O-O {[%emt 0:00:00]} 15. g4 {[%emt 0:00:01]} Bg6 {[%emt 0:00:01]} 16. f4 {[%emt 0:00:01]} h6 {[%emt 0:00:02]} 17. h4 {[%emt 0:00:03]} Re8 {[%emt 0:00:01]} 18. Bh3 {[%emt 0:00:01]} Qd6 {[%emt 0:00:03]} 19. Ng2 {[%emt 0:00:01]} Rac8 {[%emt 0:00:05]} 20. g5 {[%emt 0:00:04]} hxg5 {[%emt 0:00:01]} 21. Bxc8 {[%emt 0:00:02]} Rxc8 {[%emt 0:00:01]} 22. hxg5 {[%emt 0:00:00]} Bh5 {[%emt 0:00:01]} 23. Qe1 {[%emt 0:00:01]} Nd7 {[%emt 0:00:02]} 24. Qh4 {[%emt 0:00:01]} g6 {[%emt 0:00:00]} 25. f5 {[%emt 0:00:00]} Nde5 {[%emt 0:00:01]} 26. Nf4 {[%emt 0:00:02]} Nf3+ {[%emt 0:00:03]} 27. Rxf3 {[%emt 0:00:01]} exf3 {[%emt 0:00:00]} 28. Nxh5 {[%emt 0:00:03]} gxh5 {[%emt 0:00:00]} 29. Qxh5 {[%emt 0:00:00]} Qg3+ {[%emt 0:00:01]} 30. Kf1 {[%emt 0:00:02]} Qg2+ {[%emt 0:00:00]} 31. Ke1 {[%emt 0:00:00]} Qe2# {[%emt 0:00:00] (Lag: Av=0.87s, max=2.1s)} 0-1

[Event "Stay Safe Play From Home 314"]
[Site "Emanuel Lasker Arena"]
[Date "2020.07.19"]
[Round "3"]
[White "Schachwerk_64"]
[Black "TheCHESSHOUSE"]
[Result "1-0"]
[WhiteElo "1926"]
[BlackElo "2068"]
[Annotator "NA"]
[PlyCount "65"]
[EventDate "2020.07.19"]
[EventType "swiss (blitz)"]

1. e4 {[%emt 0:00:01]} g6 {[%emt 0:00:01]} 2. d4 {[%emt 0:00:01]} Bg7 {[%emt 0:00:00]} 3. Nc3 {[%emt 0:00:01]} a6 {[%emt 0:00:00]} 4. Be3 {[%emt 0:00:00]} b5 {[%emt 0:00:01]} 5. Qd2 {[%emt 0:00:00]} d6 {[%emt 0:00:01]} 6. a4 {[%emt 0:00:03]} b4 {[%emt 0:00:02]} 7. Nce2 {[%emt 0:00:02]} a5 {[%emt 0:00:01]} 8. c3 {[%emt 0:00:01]} Na6 {[%emt 0:00:04]} 9. h4 {[%emt 0:00:01]} h5 {[%emt 0:00:01]} 10. Nh3 {[%emt 0:00:02]} Nf6 {[%emt 0:00:01]} 11. Ng5 {[%emt 0:00:01]} Bd7 {[%emt 0:00:03]} 12. Nf4 {[%emt 0:00:01]} O-O {[%emt 0:00:03]} 13. Be2 {[%emt 0:00:03]} e5 {[%emt 0:00:02]} 14. Nd3 {[%emt 0:00:03]} bxc3 {[%emt 0:00:02]} 15. bxc3 {[%emt 0:00:01]} Rb8 {[%emt 0:00:01]} 16. O-O {[%emt 0:00:02]} Qe7 {[%emt 0:00:04]} 17. dxe5 {[%emt 0:00:04]} dxe5 {[%emt 0:00:00]} 18. Rab1 {[%emt 0:00:03]} Bxa4 {[%emt 0:00:04]} 19. Ra1 {[%emt 0:00:01]} Bb5 {[%emt 0:00:01]} 20. Rxa5 {[%emt 0:00:01]} c6 {[%emt 0:00:03]} 21. Qc2 {[%emt 0:00:03]} Rfd8 {[%emt 0:00:01]} 22. c4 {[%emt 0:00:01]} Nb4 {[%emt 0:00:02]} 23. Nxb4 {[%emt 0:00:02]} Qxb4 {[%emt 0:00:00]} 24. Ra7 {[%emt 0:00:03]} Ng4 {[%emt 0:00:10]} 25. cxb5 {[%emt 0:00:05]} Nxe3 {[%emt 0:00:01]} 26. fxe3 {[%emt 0:00:00]} cxb5 {[%emt 0:00:01]} 27. Rfxf7 {[%emt 0:00:02]} Qe1+ {[%emt 0:00:03]} 28. Kh2 {[%emt 0:00:04]} Qxh4+ {[%emt 0:00:00]} 29. Nh3 {[%emt 0:00:02]} Qe1 {[%emt 0:00:00]} 30. Rxg7+ {[%emt 0:00:02]} Kh8 {[%emt 0:00:00]} 31. Rh7+ {[%emt 0:00:01]} Kg8 {[%emt 0:00:00]} 32. Qb3+ {[%emt 0:00:01]} Kf8 {[%emt 0:00:00]} 33. Qf7# {[%emt 0:00:01] (Lag: Av=0.90s, max=5.5s)} 1-0